Logo BPK

Bibliografia Prac Pracowników

Politechniki Koszalińskiej

Ocena mikronierówności supergładkich powierzchni metodami światła rozproszonego / (Rekord nr 3497)

Szczegóły MARC
000 -ETYKIETA REKORDU
podpole kontrolne o stałej długości 01929naa a2200265 i 4500
001 - NUMER KONTROLNY REKORDU
podpole kontrolne BPP
003 - IDENTYFIKATOR NUMERU KONTROLNEGO REKORDU
podpole kontrolne BPK
005 - DATA OSTATNIEJ MODYFIKACJI REKORDU
podpole kontrolne 20190606151629.0
008 - POLE O STAŁEJ DŁUGOŚCI - DANE KONTROLNE
podpole kontrolne o stałej długości 140731s1995 pl f |000 0 pol
040 ## - ŹRÓDŁO KATALOGOWANIA
Instytucja, która utworzyła rekord BPK
080 ## - UNIWERSALNA KLASYFIKACJA DZIESIĘTNA - UKD
UKD 621.791/.795
100 ## - NAZWA OSOBOWA
Nazwa osobowa KARPIŃSKI, Tadeusz.
Lata pracy 1996 - 2001.
Instytucja Politechnika Koszalińska - Wydział Mechaniczny,
Wydział Katedra Inżynierii Produkcji
245 ## - TYTUŁ/ODPOWIEDZIALNOŚĆ
Tytuł Ocena mikronierówności supergładkich powierzchni metodami światła rozproszonego /
Pozostałe elementy strefy tytułu i oznaczenia odpowiedzialności Tadeusz Karpiński, Czesław Łukianowicz, Tatiana Łukianowicz.
260 ## - STREFA ADRESU WYDAWNICZEGO
Data publikacji, dystrybucji/powstania dokumentu 1995.
500 ## - UWAGI OGÓLNE
Tekst uwagi Dane z autopsji.
520 ## - UWAGA DOTYCZĄCA TREŚCI DOKUMENTU
Analiza dokumentacyjna, adnotacja itp. W pracy dokonano krótkiego przeglądu metod oceny mikronierówności powierzchni supergładkich. Przedstawiono metody oceny nierówności powierzchni wykorzystujące zjawisko rozproszenia światła przez powierzchnie chropowate. Opisano trzy podstawowe grupy metod rozproszenia do oceny mikronierówności powierzchni: polegające na pomiarze natężenia światła odbitego zwierciadlanie, wykorzystujące pomiar całkowitego natężenia światła rozproszonego oraz oparte na pomiarze kątowego rozkładu natężenia światła rozproszonego.
650 #0 - HASŁO PRZEDMIOTOWE W FORMIE NAZWY OGÓLNEJ LUB JEDNOSTKOWEJ
Nazwa ogólna lub geograficzna Powierzchnia.
655 #0 - TERMIN INDEKSOWY - OKREŚLENIE RODZAJU/FORMY DOKUMENTU
Określnie rodzaju/formy dokumentu Materiały konferencyjne.
650 #0 - HASŁO PRZEDMIOTOWE W FORMIE NAZWY OGÓLNEJ LUB JEDNOSTKOWEJ
Nazwa ogólna lub geograficzna Chropowatość
700 ## - HASŁO DODATKOWE - NAZWA OSOBOWA
Nazwa osobowa ŁUKIANOWICZ, Czesław.
Lata pracy 1996 - .
Instytucja Politechnika Koszalińska - Wydział Mechaniczny,
Wydział Katedra Inżynierii Produkcji
700 ## - HASŁO DODATKOWE - NAZWA OSOBOWA
Nazwa osobowa ŁUKIANOWICZ, Tatiana.
Lata pracy 1996 - .
Instytucja Politechnika Koszalińska - Wydział Mechaniczny,
Wydział Katedra Inżynierii Produkcji
711 ## - HASŁO DODATKOWE - NAZWA IMPREZY
Nazwa imprezy Ogólnopolska Konferencja Naukowo-Techniczna
Oznaczenie części/sekcji dzieła (6 ;
Data imprezy 1995.09.21-22 ;
Miejsce imprezy Rzeszów, Polska).
773 ## - TYTUŁ DOKUMENTU MACIERZYSTEGO
Wyrażenie wprowadzające W :
Tytuł Metrologia w technikach wytwarzania maszyn. Zbiór prac VI Konferencji Naukowo-Technicznej / pod red. Kazimierza E. Oczosia, Eugeniusza Ratajczaka i Jana Sieniawskiego. -
Adres wydawniczy Rzeszów : Oficyna Wydaw. Politechniki Rzeszowskiej, 1995. -
Informacje dotyczące relacji s. 33-42
942 ## - HASŁO DODATKOWE - ELEMENTY(KOHA)
Typ dokumentu Artykuł
Schemat klasyfikacji Uniwersalna klasyfikacja dziesiętna

Brak dostępnych egzemplarzy.

© 2014 Biblioteka Politechniki Koszalińskiej :: BIBLIOGRAFIA PRAC PRACOWNIKÓW